00426nam a2200121Ia 4500001000800000005001700008008004100025020001800066245008900084260002200173999002100195952008800216125922020260417140307.0260417s9999 xx 000 0 und d a9786257432238 0aBir Müslüman Irkçılık ve Milliyetçilik’e Nasıl Bakmalı?cBekir Biçer bBeyan Yayınları c1259220d1259220 00104070a1112b1112d2026-04-17l0p1112138r2026-04-17 14:03:07w2026-04-17yBK